000 00620nam a2200193 i 4500
001 bgj
245 1 0 _aDiskussion Deutsch :
_bZeitschrift für Deutschleher aller Schulformen in Ausbildung und Praxis.
_chrsg. von Hubert Ivo, Valentin Merkelbach [et al.].
_nHeft 35 (Juni/Juli 1977) /
260 _aFrankfurt am Main :
_bDiesterweg,
_c1977.
300 _aS. 233-356, A4 s. ;
_c23 cm.
650 9 _aNauczanie
_xmetody
700 1 _aIVO, Hubert.
700 1 _aMERKELBACH, Valentin.
040 _cBPK
041 0 _ager
044 _aDEU
080 _a37.016
942 _cKS
008 s gw f |000 0 ger
999 _c49979
_d49979
856 _uhttp://koha.tu.koszalin.pl/cgi-bin/koha/opac-detail.pl?biblionumber=49979
_yKatalog online BPK